000 00309nam a2200133Ia 4500
008 221030s9999 xx 000 0 und d
041 _aEnglish
082 _a105.23
100 _aB. Gottfried
245 0 _aSchaum`s Outlines Programming with C
_cby B. Gottfried
260 _c0
650 _aB
942 _cBK
999 _c12452
_d12452